| 000 | 01359nam a2200277 a 4500 | ||
|---|---|---|---|
| 001 | 44374 | ||
| 003 | BD-RjUL | ||
| 005 | 20211209053838.0 | ||
| 008 | 160717s1963 miu b s000 0 eng | ||
| 035 | _a(BD-RjUL)44492 | ||
| 040 |
_aDLC _cWSU _dSER _dOCLCG _dSTF _dAU@ _dIXA _dOJ# _dMYG _dBD-RjUL _beng |
||
| 041 | _aeng | ||
| 082 | 0 | 4 |
_223 _a338.6048 _bCAP 1963 |
| 100 | 1 |
_aCassady, Ralph, _d1900-1978. _9136200 |
|
| 245 | 1 | 0 |
_aPrice warfare in business competition: _ba study of abnormal competitive behavior / _cRalph Cassady, Jr. |
| 260 |
_aEast Lansing: _bBureau of Business and Economic Research, Graduate School of Business Administration, Michigan State University, _c1963. |
||
| 300 |
_a97 p. ; _c26 cm. |
||
| 490 | 1 |
_aBureau of Business and Economic Research, Michigan State University. Occasional paper _vno. 11 |
|
| 504 | _aBibliographical footnotes. | ||
| 504 | _aBibliography: p. 97. | ||
| 650 | 0 |
_aCompetition. _9130673 |
|
| 650 | 0 |
_aPrice cutting. _9136201 |
|
| 776 | 0 | 8 |
_iOnline version: _aCassady, Ralph, 1900- _tPrice warfare in business competition. _dEast Lansing, Bureau of Business and Economic Research, Graduate School of Business Administration, Michigan State University, 1963 _w(OCoLC)606334254 |
| 830 | 0 |
_aOccasional paper (Michigan State University. Bureau of Business and Economic Research) ; _vno. 11. _9136202 |
|
| 942 |
_2ddc _cBK |
||
| 999 |
_c44374 _d44374 |
||